000 00454nam a2200193Ia 4500
005 20240823015210.0
008 240823s9999||||xx |||||||||||||| ||und||
020 _a81-7700-013-6
041 _aENGLISH
082 _A621.317 P5
100 _aSingh S N
245 0 _aPower Electronics
250 _a1st
260 _c2005
_bDhanpat Rai &
_aDelhi
500 _aYES
650 _aPower Electronics
_bInstrumentation
942 _cBK
999 _c171865
_d171865